| 000 | 00619nam a2200217 4500 | ||
|---|---|---|---|
| 003 | OSt | ||
| 005 | 20160425130806.0 | ||
| 008 | 160425b xxu||||| |||| 00| 0 eng d | ||
| 020 | _a0198518978 | ||
| 040 | _c040a | ||
| 082 |
_a530 _bHOD 1997 |
||
| 100 |
_aHodgson, P. E _98222 |
||
| 245 |
_aIntroductory nuclear physics / _cP. E Hodgson, E.Gadioli, E Gadioli Erba |
||
| 260 |
_aOxford _bOxford science publications _c1997 |
||
| 300 |
_axv, 723p; _bill : _c16 cm |
||
| 504 | _aIncludes index | ||
| 650 |
_aNuclear physics _98014 |
||
| 700 |
_aGadioli, E _98223 |
||
| 700 |
_aErba, E. Gadioli _98224 |
||
| 942 |
_2ddc _cSLOAN |
||
| 999 |
_c3720 _d3720 |
||